000 00407nam a2200181Ia 4500
001 793
005 20260306140544.0
008 260306t2005||||xx |||||||||||||| ||spa||
041 _aESP
082 _a170
_bA94A
100 _aAyllón, José Ramón
_eAUT
245 0 _aÉtica razonada
260 _c2005
300 _a222 páginas :
_c21 cm.
650 _aGEN
654 _aCHU
942 _cLIB
_dJUS
_fJUS
_2ddc
_n
999 _c793
_d793